Online
Catalog
Normal view MARC view

Entry Nombre personal

Number of records used in: 18

001 - NÚMERO DE CONTROL

  • campo de control: 12701

003 - IDENTIFICADOR DEL NÚMERO DE CONTROL

  • campo de control: BNPHU

005 - FECHA Y HORA DE LA ÚLTIMA TRANSACCIÓN

  • campo de control: 20240305140450.0

008 - DATOS DE LONGITUD FIJA

  • campo de control de longitud fija: 200615|| aca||aabn | a|a d

040 ## - FUENTE DE LA CATALOGACIÓN

  • Centro catalogador/agencia de origen: DO-SdBNP
  • Lengua de catalogación: spa
  • Centro/agencia transcriptor: BNPHU
  • Normas de descripción: rda

100 1# - ENCABEZAMIENTO-NOMBRE DE PERSONA

  • Nombre de persona: Mora, Wilfredo,
  • Fechas asociadas al nombre: 1965-

370 ## - LUGAR ASOCIADO

  • Lugar de nacimiento: Santo Domingo (República Dominicana)

374 ## - OCUPACIÓN

  • Ocupación: Abogado
  • Ocupación: Profesor universitario

400 1# - TRAZADO DE VÉASE--NOMBRE DE PERSONA

  • Nombre de persona: M., Wilfredo

670 ## - FUENTE DE DATOS ENCONTRADOS

  • Cita de la fuente: Work cat.: (OSt)4111: Mora, Wilfredo, 1965-, Criminología y violencia urbana :, 2003.

670 ## - FUENTE DE DATOS ENCONTRADOS

  • Cita de la fuente: Mora, Wilfredo, 1965-. La enseñanza de la psicología forense en las universidades. Santo Domingo : Buho, 2004

Powered by Koha